"Into all the world" the great commission: (Record no. 10185)

000 -LEADER
fixed length control field 00629nam a2200181 a 4500
001 - CONTROL NUMBER
control field :::00007970$&:&@@
003 - CONTROL NUMBER IDENTIFIER
control field OkBaRHE
005 - DATE AND TIME OF LATEST TRANSACTION
control field 20000607103340.0
008 - FIXED-LENGTH DATA ELEMENTS--GENERAL INFORMATION
fixed length control field s1943 j 000 0 eng u
040 ## - CATALOGING SOURCE
Transcribing agency
100 1# - MAIN ENTRY--PERSONAL NAME
Personal name Zwemer, Samuel Marinus, 1867-1952.
245 11 - TITLE STATEMENT
Title "Into all the world" the great commission:
Remainder of title a vindication and an interpretation.
260 ## - PUBLICATION, DISTRIBUTION, ETC. (IMPRINT)
Place of publication, distribution, etc Grand Rapids, MI., :
Name of publisher, distributor, etc Zondervan Publishing House
Date of publication, distribution, etc c1943
300 ## - PHYSICAL DESCRIPTION
Extent 222 p. ;
Dimensions 20 cm.
650 ## - SUBJECT ADDED ENTRY--TOPICAL TERM
Topical term or geographic name as entry element Missions
General subdivision Biblical Teaching
942 ## - ADDED ENTRY ELEMENTS (KOHA)
Source of classification or shelving scheme
Koha item type Books
Copies
Price effective from Koha item type Not for loan Full call number Copy number Date last seen Source of classification or shelving scheme Withdrawn status Damaged status Date acquired Permanent Location Shelving location Barcode Lost status
2010-04-14Books BV 2073 .Z912010-04-14   2010-04-14RHEMA Bible Training CollegeGeneral Stacks7970